Normal view
MARC view
- Nur Ahmed, K M A. Rab
Entry Personal Name
001 - CONTROL NUMBER
- control field: 5870
003 - CONTROL NUMBER IDENTIFIER
- control field: OSt
005 - DATE AND TIME OF LATEST TRANSACTION
- control field: 20240731122141.0
008 - FIXED-LENGTH DATA ELEMENTS
- fixed length control field: 240731|| aca||aabn | a|a d
040 ## - CATALOGING SOURCE
- Original cataloging agency: OSt
- Transcribing agency: OSt
100 ## - HEADING--PERSONAL NAME
- Personal name: Nur Ahmed, K M A. Rab
670 ## - SOURCE DATA FOUND
- Source citation: Work cat.: (OSt)2146: Ahmed, Nur 5868, Islam & ITS Holy Prophet As Judged by The Non - Muslim World/ , c1994
